000 00802nam a2200217 i 4500
001 68489
003 ES-MaACL
005 20230906170309.0
007 t|
008 960730s1875 sp ||||1| spa d
040 _aCAM
_bspa
_cCAM
080 _a633.61(460)
100 1 _aGarcía Maceira, Antonio.
_954871
245 1 3 _aLa caña de azucar
_b: su origen, zona, cultivo y beneficio /
_cA. García Maceira.
260 _aMadrid :
_b[s.n.],
_c1875 (
_fEstablecimiento tipográfico de M. Minuesa)
300 _a56 p. ;
_c25 cm.
530 _aDisponible también en sitio web.
650 4 _aCaña de azúcar-
_zEspaña.
_9150851
852 _aES-MaACL
_jT-180-F-6
856 _uhttp://bibliotecadigitalhispanica.bne.es:80/webclient/DeliveryManager?pid=1839316&custom_att_2=simple_viewer
_zIr a la página
999 _c68489
_d68489